000 01287nam a22002537a 4500
003 OSt
005 20210317115627.0
008 210317s2009 cl ad||fr|||| 00| 0 spa d
040 _aCO-JMCR
_cCO-JMCR
041 0 _aspa
082 0 4 _a339.5 /
_bK113p
_223
100 1 _aKacef, Osvaldo,
_ecompilador
_936219
245 1 0 _aPolíticas macroeconómicas en tiempo de crisis :
_bopciones y perspectivas /
_cOsvaldo Kacef y Juan Pablo Jiménez compiladores
260 _aSantiago de Chile :
_bCepal,
_c2009
300 _a112 páginas :
_bilustraciones y gráficas a blanco y negro ;
_c28 cm.
490 0 _aCepal- Colección Documentos de proyectos
500 _aIncluye notas a pie de página.
504 _aBibliografía: páginas 107-112
505 0 _tCrisis y políticas públicas en América Latina y el Continente /
_rOsvaldo Kacef
_tCrisis, volatilidad y política fiscal en América Latina /
_rJosé María Faneli y Juan Pablo Jiménez
_tEl papel de la política tributaria frente a la crisis: límites y posibilidades /
_rJuan Carlos Gómez Sabaini y Juan Pablo Jiménez
650 1 4 _aPolítica macroeconómica
_zAmérica Latina
_936220
650 2 4 _aCrisis
_xPolítica públicas
_zAmérica Latina
_936221
700 1 _aJiménez, Juan Pablo,
_ecompilador
_96523
942 _2ddc
_cBK
999 _c15409
_d15409